01084nam a2200253 i 4500001001000000003000900010005001700019007000300036008004100039040003000080041000800110082002400118245013600142264010200278300002700380500006400407500007300471504003300544600004600577650004900623650005700672700004700729700005400776000008694DO-SdBNP20250307073708.0ta090918s1984 dr 000 0 spa d aDO-SdBNPbspacBNPHUerda aspa 4aRD868.42bH519i22213aLa integridad humanística de Pedro Henríquez Ureña :bantología /cJosé Rafael Vargas; prólogo, Juan Daniel Balcácer. 4aSanto Domingo, República Dominicana :bUniversidad Autónoma de Santo Domingo (UASD),c©1984. a371 páginas ;c21 cm aIncluye datos biográficos del autor en la contracubierta  aIncluye referencias bibliográficas y notas al pie de las páginas a Bibliografía: p. 345-371.10aHenríquez Ureña, Pedro,d1884-1946  4aAutores dominicanosySiglo XXvBiografías  4aIntelectualeszRepública DominicanavBiografías 1 aVargas, José Rafaele[compilador]4comp.1 aBalcácer, Juan Daniel,d1949-eprologuista4pr.